Might is Right: Or The Survival of the Fittest (Record no. 226106)
[ view plain ]
| 000 -LEADER | |
|---|---|
| fixed length control field | 00834nam a22002777a 4500 |
| 005 - DATE AND TIME OF LATEST TRANSACTION | |
| control field | 20221228145230.0 |
| 008 - FIXED-LENGTH DATA ELEMENTS--GENERAL INFORMATION | |
| fixed length control field | 221228b ||||| |||| 00| 0 eng d |
| 040 ## - CATALOGING SOURCE | |
| Transcribing agency | AL |
| 041 ## - LANGUAGE CODE | |
| Language code of text/sound track or separate title | English |
| 082 ## - DEWEY DECIMAL CLASSIFICATION NUMBER | |
| Edition number | 23 |
| Classification number | 302.54 |
| Item number | REDM |
| 100 ## - MAIN ENTRY--PERSONAL NAME | |
| Personal name | Ragnar Redbeard |
| 100 ## - MAIN ENTRY--PERSONAL NAME | |
| 9 (RLIN) | 67848 |
| 245 ## - TITLE STATEMENT | |
| Title | Might is Right: Or The Survival of the Fittest |
| 260 ## - PUBLICATION, DISTRIBUTION, ETC. | |
| Place of publication, distribution, etc. | America |
| Name of publisher, distributor, etc. | Fourteen Word Press |
| Date of publication, distribution, etc. | 1999 |
| 300 ## - PHYSICAL DESCRIPTION | |
| Extent | xx,185 p. |
| Other physical details | PB |
| Dimensions | 23x15 cm. |
| 650 ## - SUBJECT ADDED ENTRY--TOPICAL TERM | |
| Topical term or geographic name entry element | Individualism |
| 9 (RLIN) | 67849 |
| 650 ## - SUBJECT ADDED ENTRY--TOPICAL TERM | |
| Topical term or geographic name entry element | Social ethics |
| 9 (RLIN) | 67850 |
| 650 ## - SUBJECT ADDED ENTRY--TOPICAL TERM | |
| Topical term or geographic name entry element | Power (Philosophy) |
| 9 (RLIN) | 67851 |
| 650 ## - SUBJECT ADDED ENTRY--TOPICAL TERM | |
| Topical term or geographic name entry element | Natural law |
| 9 (RLIN) | 67852 |
| 650 ## - SUBJECT ADDED ENTRY--TOPICAL TERM | |
| Topical term or geographic name entry element | War and civilization |
| 9 (RLIN) | 67853 |
| 650 ## - SUBJECT ADDED ENTRY--TOPICAL TERM | |
| Topical term or geographic name entry element | War and society |
| 9 (RLIN) | 67854 |
| 650 ## - SUBJECT ADDED ENTRY--TOPICAL TERM | |
| Topical term or geographic name entry element | Christian ethics |
| 9 (RLIN) | 67855 |
| 650 ## - SUBJECT ADDED ENTRY--TOPICAL TERM | |
| Topical term or geographic name entry element | Philosophy and religion |
| 9 (RLIN) | 67856 |
| 700 ## - ADDED ENTRY--PERSONAL NAME | |
| Personal name | REDBEARD (Ragnar) |
| 9 (RLIN) | 67857 |
| 700 ## - ADDED ENTRY--PERSONAL NAME | |
| Personal name | LANE (Katja) Ed |
| 9 (RLIN) | 67858 |
| 942 ## - ADDED ENTRY ELEMENTS (KOHA) | |
| Source of classification or shelving scheme | Dewey Decimal Classification |
| Koha item type | Donated Books |
| Withdrawn status | Lost status | Source of classification or shelving scheme | Damaged status | Not for loan | Collection code | Home library | Current library | Date acquired | Total Checkouts | Full call number | Barcode | Date last seen | Price effective from | Koha item type | Public note |
|---|---|---|---|---|---|---|---|---|---|---|---|---|---|---|---|
| Dewey Decimal Classification | Sociology | St Aloysius Library | St Aloysius Library | 11/29/2014 | 302.54 REDM | D05343 | 12/28/2022 | 12/28/2022 | Donated Books | Donated by V.T. Rajshekar |